Pobožnost a bratrstwo k nejswĕtĕjssí Swátosti oltářní ustanowená a uwedená we Wratislawském chrámu tĕla Božího, léta 1701, nyní ale s dowolením wysoce rozeného a wysoce dwoji-ctihodného neyjwyšssího úřadu biskupského Wratislawského ustanowená a uwedená do Jablunkowského chrámu téhož tĕla Božího roku 1735

Bibliographic Details
Corporate Author: Teslík a Neumann (Skalica, Slovensko) (Printer)
Format: Book
Language:Slovak
PhysicalDescription:[8] s. 14 cm
Published: W Uh. Skalici Tiskem a nákladem Teslíka a Neumanna [1898-1901]
Subjects:

MARC

LEADER 00000nam a2200000 a 4500
001 vtls011762409
003 SK-MaSNL
005 20260301183432.0
008 210624s18uu xo a 0 an0 slo
015 |a SNBHFA18uu 
035 |a urn:nbn:sk:snk-am00d18p 
035 |a urn:nbn:sk:snk-am3hi8a 
035 |a F0C5DC59-BE43-4258-8490-4EBD6DA894AE 
040 |a SNKHF  |b slo  |c SNK  |e AACR2 
041 0 |a slo 
044 |a xo  |c SK 
072 7 |a 27-46/-48  |x Pastorálna teológia  |2 konspekt 
080 |a 27-46  |2 2011 
130 0 |a Pobožnost  |9 437735 
245 1 0 |a Pobožnost a bratrstwo k nejswĕtĕjssí Swátosti oltářní  |b ustanowená a uwedená we Wratislawském chrámu tĕla Božího, léta 1701, nyní ale s dowolením wysoce rozeného a wysoce dwoji-ctihodného neyjwyšssího úřadu biskupského Wratislawského ustanowená a uwedená do Jablunkowského chrámu téhož tĕla Božího roku 1735 
260 |a W Uh. Skalici  |b Tiskem a nákladem Teslíka a Neumanna  |c [1898-1901] 
300 |a [8] s.  |c 14 cm 
500 |a Vinety 
546 |a Slovenčina  |b Fraktúra 
650 0 7 |a pobožnosti  |2 SNKPH  |9 74904 
655 7 |a príručky  |2 SNKPH  |9 74364 
710 2 |a Teslík a Neumann (Skalica, Slovensko),  |d 1898-1901  |4 prt  |9 351664 
752 |a Slovensko  |d Skalica 
852 |a SNK  |p SE 205/12 
958 |a ONDV 
999 |c 856995  |d 858925 
952 |a SNK  |b SNK  |y PREZ  |7 0  |p 17A1301202  |o snkSE 205/12  |i snk3865/28  |0 0  |1 0  |4 0  |d 2018-06-18  |f 1  |l 0  |r 2026-02-24 05:00:32  |w 2026-02-24